000 01253nam a2200265 i 4500
001 bg
111 2 _aOgólnopolskie Sympozjum Agroturystyczne
_n(10 ;
_d2003 ;
_cKraków).
245 0 0 _aTurystyka wiejska w Polsce - od rozproszonych działań do kompleksowej strategii :
_bmateriały Międzynarodowej Sesji Naukowej zorg. w ramach X Ogólnopolskiego Sympozjum Agroturystycznego, Kraków 15-17 września 2003 : sesja naukowa.
_nZ. 10 /
_cred. nauk. Leszek Strzembicki, Józef Kania, Elżbieta Kmita-Dziasek.
260 _aKraków :
_bWydaw. AR,
_c2003.
300 _a276 s. :
_bil. ;
_c24 cm.
490 1 _aZeszyty Naukowe Akademii Rolniczej im. H. Kołłątaja w Krakowie. Rozprawy,
_x0239-9342 ;
_vnr 402
500 _aTekst i streszcz. częśc. ang., niem.
504 _aBibliogr. przy ref.
650 9 _aAgroturystyka
_zPolska
_yod 1989 r.
655 _aMateriały konferencyjne
700 1 _aStrzembicki, Leszek.
_eRed.
700 1 _aKania, Józef.
_eRed.
700 1 _aKmita-Dziasek, Elżbieta.
830 0 _aZeszyty Naukowe Akademii Rolniczej im. H. Kołłątaja w Krakowie.
_pRozprawy ;
_vnr 402
040 _cBPK
041 w _apolengger
080 _a338.48(438)"1989/..."(061)
942 _cKS
008 s pl f |000 0 pol
999 _c44055
_d44055
856 _uhttp://koha.tu.koszalin.pl/cgi-bin/koha/opac-detail.pl?biblionumber=44055
_yKatalog online BPK